Quizzes
Events
Quiz Creation
Community
Videos
Private Events
Remove Ads
Sign In
Join for FREE
Feedback
Dark Mode
Quiz Categories
Sports
Geography
Music
Movies
Television
Just For Fun
Miscellaneous
History
Literature
Language
Science
Gaming
Entertainment
Religion
Holiday
For Kids
Quiz Lab
Recent
Popular Today
Quiz Kudos Today
Editor Picks
Curator Picks
Quizzes by...
Day
Popularity
Type
Ratings
Length
Year
Community
Subscriptions
Recent Discussions
Orange Saloon
Badges
Playlists
Quests
Create
Leaderboards
Showdown
Live 5
Trivia Bingo
Activity
Puzzle Library
Sporcle Events
Private Events
Virtual Trivia
Globe League
Become a Host
Pub Owners
SporcleCon
Opinionation
Our Games
Videos
Blog
Mobile Apps
Partnerships
Remove Ads and Go Orange
Feedback
Music
Pop Music
The Beatles
Song
Album
Lyrics
Bands
Singers
Artist
Clip
Rock
Rap
Classical
Billboard
Country Music
Kpop
Taylor Swift
Music
Pop Music
The Beatles
Song
Album
Lyrics
Bands
Singers
Artist
Clip
Rock
Rap
Classical
Billboard
Country Music
Kpop
Taylor Swift
Random Quiz
Search Sporcle
×
Quiz Lab
Quiz Lab
Music
profile
Type in answers that appear in a list
Type in answers that appear in a list
Classic
Best Score? Go Orange.
Profile: Justin Bieber Stats
Can you name the Profile: Justin Bieber?
By
tyant649
3m
22 Questions
2,424 Plays
2,424 Plays
2,424 Plays
Comments
Comments
Give Quiz Kudos
Give Quiz Kudos
-
- Ratings
hide this ad
More Info
Replay
Link that replays current quiz
Next Quiz
Link to next quiz in quiz playlist
You Got
0%
They Got
Avg Score
62%
Avg Friend Score
Upgrade to see
Score Distribution
Jump to the score distribution portion of the page
Score
0/22
Timer
03:00
0
Plays Today
Hint
% Correct
Middle Name
Drew
92.6%
Age
16
87.5%
Year Born
1994
87.3%
First Album
My World
82.9%
Parent Name (Mom)
Pattie Mallette-Bieber
80.9%
Documentary Movie
Justin Bieber: Never Say Never
80.8%
First Single
One Time
79.7%
Month and Day Born
March 1st
79.4%
Second Album
My World 2.0
77.3%
Religion
Christian
74.7%
Parent Name (Dad)
Jeremy Bieber
71.7%
Hint
% Correct
Mostly Made Fun of His...
Voice or Hair
66.5%
Justin Bieber -
'Never Say Never' featured.....
Jaden Smith
64.2%
Manager
Scooter Braun
64%
Website Founded On
Youtube.com
60.1%
Instrument Most Known to Play
Drum
54.4%
Place Born
Stratford, Ontario, Canada
45.6%
Character He Played On CSI
Jason McCann
38.5%
Zodiac Sign
Pisces
35.7%
Associated Acts
Usher
34.9%
Singer He Lost to for Best New Artist at The 2011 Grammy's
Esperanza Spalding
8%
First Award Won
Artist of The Year
2.9%
Quiz Playlist
Details
Report
Send in Message
Add To Playlist
More Info:
Not a Bieber fan.
Classic:
Type in answers that appear in a list
Last Updated: Jun 8, 2017
Quiz Scoreboard
CHALLENGE
Sign Up to Join the Scoreboard
Show All
Scores
Hide
Comments
May contain spoilers
Recently Published
Click the 1999 NBA Draft
by nibperrychub
Sports
2m
Alphabetical 'K' Countries by Flag Minefield
by ylime102
Geography
3m
Pick 6: Fruits
by JohnFran
Miscellaneous
15s
More to Explore
Quiz From the Vault
Featured Blog Post
15 Basketball Trivia Facts You Can Be March Mad About
hide this ad
You Might Also Like...
Tags
1994
Bieber
Hannah Montana
justin
Justin Bieber
March
Miley Cyrus
profile
Will Smith
Today's Top Quizzes in Music
Browse Music
hide this ad
Today's Top Quizzes in profile
Browse profile
Top Contributed Quizzes in Music
1
Taylor Swift All Songs (2024)
2
A Taylor Swift Logic Puzzle
3
KPOP LOGIC QUIZ
4
Taylor Swift Logic Puzzle
5
Guess the Taylor Swift song (Mystery Song)
6
Guess The Taylor Swift Lyrics Song #1
7
Kpop murder mystery 1
8
kpop group name match up
9
K-Pop : 100 Debut Songs (Part 1 of 3)
10
K-Pop Murder Mystery Logic Quiz
Explore More
Trending Topics
Marvel
Harry Potter
Anime
Kpop
Crossword
NBA
Disney
NFL
WWE
Song
The Office
Puzzle
Country
Pokémon
Soccer
hide this ad
More By:
tyant649
Quiz
Plays
Rating
Category
Featured
Created
Profile: Justin Bieber
2,424
1.90
Music
Feb 20, 2011
The Big 4 Sports Teams (Hot/Cold)
1,403
1.94
Sports
Jan 30, 2011
4 Cardinal Directions
482
3.33
Geography
Feb 10, 2011
Tower Prep Characters
462
3.00
Television
Jan 27, 2011
MLB Homerun Leaders 2010
357
3.33
Sports
Sep 8, 2010
Go to Creator's Profile
Score Distribution
Quiz Creator Spotlight
tyant649
Follow
Send a Message
Quizzes Created
-
Created Quiz Play Count
-
More By This Creator
Popular Quizzes Today
1
Countries of Asia Without Outlines Minefield
2
Find the US States - No Outlines Minefield
3
Pick 6: Fruits
4
Alphabetical 'K' Countries by Flag Minefield
5
The Countries of the World
6
Find the Countries of Europe - No Outlines Minefield
7
Find the US States
8
US States
More Music Quizzes
Music Quadrants
Published
Trending Quizzes
Pick 6: Mountains
Pick 6: Harry Potter
Pick 6: Flags
Pick 6: NFL Teams
Pick 6: Movie Franchises
Recently Updated
NWSL Teams
pecheneg
Women's Final Four Teams by Year
bhenderson79
Presidents Quartet II
eogle
Anything But Clue(do)
eogle
Anything But Oceanian Capitals
eogle
Anything But 7
eogle
Anything But Thing
eogle
Word Ladder: February 29
pecheneg
Song Title Questions
pecheneg
Women's NCAA Tournament #1 Seeds
pecheneg
Trending Topics
NBA
Anime
Harry Potter
Marvel
Crossword
Disney
Kpop
The Office
Song
WWE
Pokémon
NFL
Country
Soccer
Puzzle
Your Account Isn't Verified!
In order to create a playlist on Sporcle, you need to verify the email address you used during registration. Go to your
Sporcle Settings
to finish the process.
Report this User
Report this user for behavior that violates our
Community Guidelines
.
Details:
Send Report
Go to the Sporcle.com Mobile Site →
Comments